Managerial Economics : Analysis, Problems, Cases (Record no. 3117)

MARC details
005 - DATE AND TIME OF LATEST TRANSACTION
control field 20250603160827.0
020 ## - INTERNATIONAL STANDARD BOOK NUMBER
International Standard Book Number 0-471-45223-8
082 ## - DEWEY DECIMAL CLASSIFICATION NUMBER
Classification number T E A LECT 330.024
100 ## - MAIN ENTRY--PERSONAL NAME
Author name TRUETT, L . J .
245 ## - TITLE STATEMENT
Title Managerial Economics : Analysis, Problems, Cases
250 ## - EDITION STATEMENT
Edition statement 8th Ed.
260 ## - PUBLICATION, DISTRIBUTION, ETC.
Place of publication, distribution, etc. New York,
Name of publisher, distributor, etc. John Wile & sons, Inc,
Date of publication, distribution, etc. 2004.
300 ## - PHYSICAL DESCRIPTION
Extent xxvi, 742p.: ill.; figure, table,
Other physical details glossary & index,
Dimensions 24cm.
700 ## - ADDED ENTRY--PERSONAL NAME
Other authors/Editors TRUETT, D . B .
942 ## - ADDED ENTRY ELEMENTS (KOHA)
Source of classification or shelving scheme Dewey Decimal Classification
Koha item type Books
Holdings
Date last seen Total checkouts Full call number Barcode Cost, replacement price Price effective from Koha item type Lost status Source of classification or shelving scheme Damaged status Not for loan Withdrawn status Home library Current library Shelving location Date acquired Cost, normal purchase price
06/03/2025   T E A LECT 330.024 TRU 00000010959 364240.80 06/03/2025 Books   Dewey Decimal Classification       College of Business Education Main Library College of Business Education Main Library General Collection 04/22/2005 121413.60
06/03/2025   T E A LECT 330.024 TRU 00000010960 364240.80 06/03/2025 Books   Dewey Decimal Classification       College of Business Education Main Library College of Business Education Main Library General Collection 04/22/2005 121413.60
06/03/2025   T E A LECT 330.024 TRU 00000010961 364240.80 06/03/2025 Books   Dewey Decimal Classification       College of Business Education Main Library College of Business Education Main Library General Collection 04/22/2005 121413.60